Call of duty black ops 1 all gun - Statistics

General Stats
  • This quiz has been taken 159 times
  • The average score is 25 of 41
Answer Stats
Picture Answer % Correct
AK 47
95%
M16
95%
RPG
90%
Aug
86%
Uzi
86%
Olympia
85%
Commando
81%
Famas
81%
Spas-12
81%
Ak74u
80%
Galil
79%
China Lake
77%
crossbow
77%
mp5k
77%
ballistic Knife
73%
M14
73%
Python
72%
Dragunov
70%
Fn-Fal
70%
M1911
69%
M60
68%
makarov
65%
Rpk
65%
Mac11
62%
Skorpion
60%
Enfield
55%
WA2000
54%
Spectre
51%
L96A1
47%
Mpl
43%
HK21
42%
Stoner 63
41%
CZ75
40%
Hs10
37%
PM63
37%
Psg1
35%
asp
32%
Kiparis
31%
M72 Law
31%
Steakout
23%
Strela 3
23%
No matching quizzes found
Score Distribution
Percent of People with Each Score
Percentile by Number Answered
Your Score History
You have not taken this quiz